| 000 | 00664nam a22001697a 4500 | ||
|---|---|---|---|
| 008 | 160430b xxu||||| |||| 00| 0 eng d | ||
| 082 |
_22013 _aUT 0412 _bM73 |
||
| 100 |
_96925 _aMomo, Rommie Jay F. |
||
| 245 |
_aMga salik na nakaapekto sa pagpahalagang pampanitikan ng mga mag-aaral sa ikaapat na taon ng Digos City National High School/ _cRommie Jay F. Momo [and three others]. |
||
| 260 |
_aDigos City: _bUMDC _cPebrero 2013. |
||
| 300 |
_a48 pages; _c29 cm. |
||
| 650 | 0 |
_96934 _aEducation _vFilipino _xUndergraduate thesis. |
|
| 700 |
_96937 _aBalasabas, Jennifer A. |
||
| 700 |
_96939 _aDiamonon, Mailen R. |
||
| 700 |
_96941 _aBanay, Anthony A. |
||
| 942 |
_2ddc _cUT |
||
| 999 |
_c2136 _d2136 |
||